| 000 | 00728nam a22002417a 4500 | ||
|---|---|---|---|
| 999 |
_c13467 _d13467 |
||
| 003 | AR-CdUCM | ||
| 008 | 190415b ||||| |||| 00| 0 spa d | ||
| 040 |
_aMUNICIPALIDAD PROVINCIAL DEL CUSCO _cBIBLIOTECA MUNICIPAL DEL CUSCO |
||
| 082 |
_aES / 373.869 / _bG15 |
||
| 100 |
_aGallegos, Luis _925174 |
||
| 245 |
_aLas voces del viento : _bRelatos / |
||
| 260 |
_aLima : _bLluvia editores, _bCONCYTEC; _c1990. |
||
| 300 |
_a97 paginas ; _bIlustraciones, _c20 cm. |
||
| 500 | _aRelatos | ||
| 650 |
_aRelatos _9195 |
||
| 650 |
_aCuento _94671 |
||
| 650 |
_aHistoria _9136 |
||
| 650 |
_aSiglo XX _98 |
||
| 700 |
_aValencia, Anarco _931896 |
||
| 700 |
_aGómez, Martín _931897 |
||
| 942 |
_2ddc _cLIBROS |
||
| 945 |
_apjha _d2019-04-15 |
||